Normal view
MARC view
- Industrial Economy
Entry Topical Term
001 - CONTROL NUMBER
- control field: 110905
003 - CONTROL NUMBER IDENTIFIER
- control field: NUST
005 - DATE AND TIME OF LATEST TRANSACTION
- control field: 20230321140907.0
008 - FIXED-LENGTH DATA ELEMENTS
- fixed length control field: 230321|| aca||aabn | a|a d
040 ## - CATALOGING SOURCE
- Original cataloging agency: NUST
- Transcribing agency: NUST
150 ## - HEADING--TOPICAL TERM
- Topical term or geographic name entry element: Industrial Economy
670 ## - SOURCE DATA FOUND
- Source citation: Work cat.: (NUST)188047: Zia Iqbal Shahid 67016, Chotti Santton Main Sarmayakari /
